000 00848nam a22002777a 4500
001 BR6004522
003 BR-BrBNA
005 20230928083209.0
007 ta
008 230509b bl.||||| |||| 00| 0 por d
040 _aBR-BrBNA
_bpor
_cBiblioteca Nacional de Agricultura
041 _a(Por)
072 _aK00; F40
090 _ K00 BR6004522
100 1 _aSperling, V.
110 1 _aSecretaria da Agricultura, Industria e Commercio do Estado de Sao Paulo, Sao Paulo (Brasil)
245 1 _aContribuicao para a bibliographia agricola [Floresta; Ecologia vegetal]
260 3 _aSao Paulo, SP (Brasil):
_c1939.
300 _a67 p.
500 _aReprint of "Boletim de Agricultura" Serie 39. 1938
650 _aFloresta
650 _aEcologia vegetal
650 _aBibliografia
909 _a202309
_bLucia
_c55
_dLucia Elande
942 _cBK
999 _c12095
_d12095